00442nam a2200205Ia 4500003000900000008004100009040001300050040001300063041000800076100003000084245002300114250001300137260002100150260000900171300001100180300000900191300001000200490001900210490000700229IT-RoPAU120407s9999 xx 000 0 und d aIT-RoPAU cIT-RoPAU aita aRegid De Campos Deoclecio aI palazzi vaticani aBologna  aLicinio Cappelli c1967 a287 p. bill. c24 cm aRoma cristiana v18